[Event "St Petersburg Rapid Cup 2012"]
[Site "St Petersburg RUS"]
[Date "2012.10.05"]
[Round "1.4"]
[White "Alekseev, Evgeny"]
[Black "Efimenko, Zahar"]
[Result "1-0"]
[WhiteTitle "GM"]
[BlackTitle "GM"]
[WhiteElo "2683"]
[BlackElo "2689"]
[WhiteFideId "4138147"]
[BlackFideId "14107201"]
[EventDate "2012.10.05"]

1. e4 e5 2. Nf3 Nc6 3. Bb5 a6 4. Ba4 Nf6 5. d3 d6 6. c3 g6 7. O-O Bg7 8. Re1 O-O
9. Nbd2 Re8 10. h3 h6 11. d4 b5 12. Bc2 Bb7 13. a3 Qd7 14. Nb3 Rad8 15. Bd2 Ba8
16. Qb1 Nh5 17. a4 g5 18. axb5 axb5 19. Bd3 Ne7 20. dxe5 g4 21. hxg4 Qxg4 22.
Bxb5 c6 23. Be2 Ng6 24. Nfd4 1-0

[Event "St Petersburg Rapid Cup 2012"]
[Site "St Petersburg RUS"]
[Date "2012.10.05"]
[Round "1.5"]
[White "Shimanov, Aleksandr"]
[Black "Matlakov, Maxim"]
[Result "1/2-1/2"]
[WhiteTitle "GM"]
[BlackTitle "GM"]
[WhiteElo "2599"]
[BlackElo "2665"]
[WhiteFideId "4198603"]
[BlackFideId "4168003"]
[EventDate "2012.10.05"]

1. d4 d5 2. Nf3 Nf6 3. c4 c6 4. e3 Bf5 5. Nc3 e6 6. Nh4 Bg6 7. Be2 Nbd7 8. O-O
Bd6 9. g3 O-O 10. Nxg6 hxg6 11. b3 Qe7 12. a3 e5 13. cxd5 cxd5 14. Nb5 e4 15.
Nxd6 Qxd6 16. a4 Rfc8 17. Ba3 Qe6 18. Kg2 Nh7 19. h4 g5 20. Rh1 Ndf6 1/2-1/2

[Event "St Petersburg Rapid Cup 2012"]
[Site "St Petersburg RUS"]
[Date "2012.10.05"]
[Round "2.1"]
[White "Zvjaginsev, Vadim"]
[Black "Inarkiev, Ernesto"]
[Result "1/2-1/2"]
[WhiteTitle "GM"]
[BlackTitle "GM"]
[WhiteElo "2678"]
[BlackElo "2683"]
[WhiteFideId "4113403"]
[BlackFideId "4162722"]
[EventDate "2012.10.05"]

1. e4 e5 2. Nf3 Nc6 3. Bb5 a6 4. Ba4 Nf6 5. O-O Be7 6. Bxc6 dxc6 7. d3 Nd7 8.
Be3 c5 9. Nbd2 Bd6 10. Nc4 Qe7 11. c3 O-O 12. Re1 Rd8 13. Nxd6 Qxd6 14. d4 cxd4
15. cxd4 exd4 16. Qxd4 Qxd4 17. Nxd4 Ne5 18. Rad1 f6 19. Bf4 Re8 20. h3 g6 21.
Kh2 Kf7 22. Nf3 Nxf3+ 23. gxf3 Be6 24. Bxc7 1/2-1/2

[Event "St Petersburg Rapid Cup 2012"]
[Site "St Petersburg RUS"]
[Date "2012.10.05"]
[Round "3.1"]
[White "Vitiugov, Nikita"]
[Black "Zvjaginsev, Vadim"]
[Result "1-0"]
[WhiteTitle "GM"]
[BlackTitle "GM"]
[WhiteElo "2691"]
[BlackElo "2678"]
[WhiteFideId "4152956"]
[BlackFideId "4113403"]
[EventDate "2012.10.05"]

1. d4 e6 2. c4 Bb4+ 3. Bd2 Bxd2+ 4. Qxd2 Nf6 5. g3 O-O 6. Bg2 d5 7. Nf3 Nbd7 8.
O-O c6 9. Ne5 Nxe5 10. dxe5 Nd7 11. f4 f6 12. exf6 Nxf6 13. Nc3 dxc4 14. Qxd8
Rxd8 15. Rad1 Re8 16. Ne4 Nxe4 17. Bxe4 a5 18. Rc1 a4 19. a3 Ra5 20. Rxc4 Rd8
21. Bd3 e5 22. f5 Rd4 23. Rfc1 Kf7 24. Kf2 Kf6 25. g4 h5 26. h3 hxg4 27. hxg4
Rad5 28. Ke3 Kg5 29. Be4 Rb5 30. Rxd4 exd4+ 31. Kxd4 Rxb2 32. Bd3 Bd7 33. Rh1
Be8 34. Ke5 Kxg4 35. Rg1+ Kh4 36. Kf4 Kh3 37. Rxg7 1-0

[Event "St Petersburg Rapid Cup 2012"]
[Site "St Petersburg RUS"]
[Date "2012.10.05"]
[Round "4.1"]
[White "Zvjaginsev, Vadim"]
[Black "Matlakov, Maxim"]
[Result "1-0"]
[WhiteTitle "GM"]
[BlackTitle "GM"]
[WhiteElo "2678"]
[BlackElo "2665"]
[WhiteFideId "4113403"]
[BlackFideId "4168003"]
[EventDate "2012.10.05"]

1. e4 d5 2. exd5 Qxd5 3. Nf3 Nf6 4. d4 g6 5. Be2 Bg7 6. O-O O-O 7. c4 Qd8 8. Nc3
c6 9. h3 Bf5 10. Re1 Na6 11. Bf1 Qc7 12. g3 Rfe8 13. Bf4 Qb6 14. g4 Bc8 15. Qd2
h5 16. g5 Nh7 17. Rad1 Nf8 18. Be5 Bf5 19. Bxg7 Kxg7 20. d5 Rad8 21. Nd4 c5 22.
Nxf5+ gxf5 23. Ne2 e5 24. Ng3 Qg6 25. Be2 h4 26. Nh5+ Kh8 27. Nf6 Nh7 28. Bh5
Qg7 29. Nxe8 Rxe8 30. f4 Rg8 31. Kh1 exf4 32. Qc3 Nxg5 33. Qxg7+ Kxg7 34. d6 Ne4
35. Kh2 Rd8 36. d7 Nb8 37. Bf3 Nc6 38. Bxe4 fxe4 39. Rxe4 Nd4 40. Rg1+ Kf8 41.
Re8+ Rxe8 42. Rg8+ 1-0

[Event "St Petersburg Rapid Cup 2012"]
[Site "St Petersburg RUS"]
[Date "2012.10.05"]
[Round "4.6"]
[White "Vitiugov, Nikita"]
[Black "Khairullin, Ildar"]
[Result "1/2-1/2"]
[WhiteTitle "GM"]
[BlackTitle "GM"]
[WhiteElo "2691"]
[BlackElo "2639"]
[WhiteFideId "4152956"]
[BlackFideId "4151348"]
[EventDate "2012.10.05"]

1. d4 d5 2. c4 c6 3. Nf3 Nf6 4. e3 a6 5. Nbd2 Bf5 6. Nh4 Bg4 7. Qb3 Ra7 8. h3
Be6 9. Nhf3 g6 10. Ng5 Bf5 11. Bd3 Bxd3 12. Qxd3 Bg7 13. O-O O-O 14. Ngf3 1/2-1/2

[Event "St Petersburg Rapid Cup 2012"]
[Site "St Petersburg RUS"]
[Date "2012.10.06"]
[Round "5.1"]
[White "Khairullin, Ildar"]
[Black "Zvjaginsev, Vadim"]
[Result "1/2-1/2"]
[WhiteTitle "GM"]
[BlackTitle "GM"]
[WhiteElo "2639"]
[BlackElo "2678"]
[WhiteFideId "4151348"]
[BlackFideId "4113403"]
[EventDate "2012.10.05"]

1. d4 e6 2. c4 Bb4+ 3. Bd2 Bxd2+ 4. Qxd2 Nf6 5. Nf3 O-O 6. g3 d5 7. Bg2 Nbd7 8.
O-O c6 9. Rc1 Qe7 10. Qe3 dxc4 11. Rxc4 Nd5 12. Qe4 f5 13. Qd3 b6 14. Rc1 Bb7
15. Nbd2 e5 16. e4 fxe4 17. Nxe4 Rae8 18. Re1 h6 19. Re2 c5 20. Nxe5 Nxe5 21.
dxe5 Nb4 22. Qb3+ Kh8 23. Nd6 Bxg2 24. Kxg2 Rd8 25. Qc4 Nc6 26. f4 Nd4 27. Rf2
Rxd6 28. exd6 Qe4+ 29. Kh3 Rf5 30. g4 Qe3+ 31. Kg2 Qe4+ 32. Kh3 Qe3+ 33. Kg2 1/2-1/2

[Event "St Petersburg Rapid Cup 2012"]
[Site "St Petersburg RUS"]
[Date "2012.10.06"]
[Round "6.5"]
[White "Vitiugov, Nikita"]
[Black "Shimanov, Aleksandr"]
[Result "1-0"]
[WhiteTitle "GM"]
[BlackTitle "GM"]
[WhiteElo "2691"]
[BlackElo "2599"]
[WhiteFideId "4152956"]
[BlackFideId "4198603"]
[EventDate "2012.10.05"]

1. d4 e6 2. c4 b6 3. a3 f5 4. Nc3 Nf6 5. d5 Ba6 6. e3 Bd6 7. Nf3 O-O 8. Be2 c6
9. O-O Bb7 10. dxe6 dxe6 11. e4 Nxe4 12. Nxe4 fxe4 13. Ng5 Qe7 14. Bg4 Na6 15.
Nxe6 Be5 16. Bg5 Qf7 17. Nxf8 Rxf8 18. Qe2 Nc5 19. Be3 Nd3 20. f3 Qxc4 21. fxe4
Re8 22. Rad1 Ba6 23. Bd7 Re7 24. Qg4 h5 25. Qg6 Bd4 26. Bf5 Bxe3+ 27. Kh1 Bf2
28. Qxh5 Re5 29. Qh7+ Kf8 30. Qh8+ Kf7 31. h3 Qd4 32. Bg4 Kg6 33. Qf8 Kh7 34.
Bf5+ g6 35. Qf7+ Kh8 36. Bxg6 1-0

[Event "St Petersburg Rapid Cup 2012"]
[Site "St Petersburg RUS"]
[Date "2012.10.06"]
[Round "6.6"]
[White "Khairullin, Ildar"]
[Black "Alekseev, Evgeny"]
[Result "1/2-1/2"]
[WhiteTitle "GM"]
[BlackTitle "GM"]
[WhiteElo "2639"]
[BlackElo "2683"]
[WhiteFideId "4151348"]
[BlackFideId "4138147"]
[EventDate "2012.10.05"]

1. e4 e5 2. Nf3 Nc6 3. d4 exd4 4. Nxd4 Bb4+ 5. c3 Bc5 6. Be3 Bb6 7. Nf5 Bxe3 8.
Nxe3 d6 9. c4 Nge7 10. Bd3 O-O 11. Nc3 f5 12. exf5 Nxf5 13. Bxf5 Bxf5 14. Qd5+
Kh8 15. Nxf5 Qf6 16. O-O Qxf5 17. Qxf5 Rxf5 18. f4 g6 19. Rae1 Kg7 20. Nd5 Rf7
21. Re4 Raf8 22. Rfe1 Nb8 23. g3 a5 24. Nc3 Na6 25. Nb5 Rd7 26. b3 Kf7 27. R4e2
Nc5 28. Nc3 c6 29. Rd2 Re8 1/2-1/2

[Event "St Petersburg Rapid Cup 2012"]
[Site "St Petersburg RUS"]
[Date "2012.10.06"]
[Round "8.6"]
[White "Alekseev, Evgeny"]
[Black "Shimanov, Aleksandr"]
[Result "1/2-1/2"]
[WhiteTitle "GM"]
[BlackTitle "GM"]
[WhiteElo "2683"]
[BlackElo "2599"]
[WhiteFideId "4138147"]
[BlackFideId "4198603"]
[EventDate "2012.10.05"]

1. e4 e6 2. d4 d5 3. Nc3 Bb4 4. exd5 exd5 5. Bd3 Qf6 6. Ne2 Ne7 7. O-O Bf5 8.
Bf4 c6 9. Be5 Qh6 10. Bxf5 Nxf5 11. Qd3 Ne7 12. a3 Bd6 13. Ng3 Bxe5 14. dxe5 O-O
15. f4 f5 16. Nce2 Na6 17. Nd4 Qg6 18. b4 Nc7 19. Nge2 b6 20. Qc3 Rac8 21. a4
Ne6 22. Nxe6 Qxe6 23. a5 c5 24. Qb3 Rc6 25. Rfd1 Rfc8 26. c3 Kf7 27. axb6 axb6
28. Ra7 R6c7 29. Ra6 Rc6 30. Ra7 R6c7 31. Ra6 1/2-1/2